|
|
|
|
| LEADER |
00875nam a22002531 4500 |
| 001 |
c000051176 |
| 003 |
CARM |
| 005 |
00000000000000.0 |
| 008 |
840312s1960 gaua 00000 eng |
| 019 |
1 |
|
|a 3131173
|5 LACONCORD2021
|
| 035 |
|
|
|a (OCoLC)1243090
|5 LACONCORD2021
|
| 040 |
|
|
|a DLC/ICU
|c ICU
|
| 050 |
0 |
0 |
|a TA445
|b .F26
|
| 100 |
1 |
|
|a Fenlon, Hugh F.
|
| 245 |
0 |
0 |
|a Reinforced concrete column tables,
|b ultimate strength design.
|
| 260 |
1 |
|
|a [Atlanta?
|c 1960]
|
| 300 |
|
|
|a 1 v.
|b illus.
|c 21 x 29 cm.
|
| 650 |
|
0 |
|a Reinforced concrete
|x Tables.
|
| 650 |
|
0 |
|a Columns, Concrete
|x Tables.
|
| 740 |
0 |
1 |
|a Column tables.
|
| 852 |
8 |
|
|b CARM
|h A3:AB37C2
|i D02257
|p 0107519
|f BK
|
| 082 |
0 |
4 |
|a 620.137
|
| 999 |
f |
f |
|i 294c1075-bf20-5807-ba0a-1ad52ffa56d7
|s 11e15f25-0467-5022-8496-735fe5808170
|
| 952 |
f |
f |
|p Can circulate
|a CAVAL
|b CAVAL
|c CAVAL
|d CARM 1 Store
|e D02257
|f A3:AB37C2
|h Other scheme
|i book
|m 0107519
|